000 00622nam a2200193Ia 4500
005 20250508164943.0
008 008 250505s9999 xx 000 0 eng d
037 _aTextual
040 _aFEDL
_beng
_cFEDL
041 _aeng
_2eng
084 _a370.157, CON
_qFEDL
100 _aConnery M Cathrene and others Ed.
_9779579
245 0 _aVygotsky and creativity: A cultural-historical approach to play, meaning making, and the arts
260 _aNew York, USA
_bPeter Lang Publishing
_c2010
300 _aviii,245p.
365 _aUSD
_b34.95
942 _cTEXL
_h370.157, CON
999 _c1392245
_d1392245